Harci traumákról a PTSD árnyékában

Elmentve itt :
Bibliográfiai részletek
Szerző: Virágh Ágnes
További közreműködők: Rees Owen
Hurlock Kathryn
Crowley Jason
Dokumentumtípus: Cikk
Megjelent: 2024
Sorozat:Aetas 39 No. 3
Kulcsszavak:Mentálhigiéné - Európa - könyvismertetés, Trauma története - Európa - könyvismertetés
Tárgyszavak:
doi:10.14232/aetas.2024.3.221-225

Online Access:http://acta.bibl.u-szeged.hu/88236
LEADER 00892nab a2200253 i 4500
001 acta88236
005 20250725120412.0
008 250725s2024 hu o 000 hun d
022 |a 0237-7934 
024 7 |a 10.14232/aetas.2024.3.221-225  |2 doi 
040 |a SZTE Egyetemi Kiadványok Repozitórium  |b hun 
041 |a hun 
100 1 |a Virágh Ágnes 
245 1 0 |a Harci traumákról a PTSD árnyékában  |h [elektronikus dokumentum] /  |c  Virágh Ágnes 
260 |c 2024 
300 |a 221-225 
490 0 |a Aetas  |v 39 No. 3 
650 4 |a Bölcsészettudományok 
650 4 |a Történettudomány és régészet 
695 |a Mentálhigiéné - Európa - könyvismertetés, Trauma története - Európa - könyvismertetés 
700 0 1 |a Rees Owen 
700 0 1 |a Hurlock Kathryn 
700 0 1 |a Crowley Jason 
856 4 0 |u http://acta.bibl.u-szeged.hu/88236/1/aetas_2024_003_221-225.pdf  |z Dokumentum-elérés